Értekezések, levelek
Elmentve itt :
| Szerző: | |
|---|---|
| Adatforrás: | Philobibl |
| Dokumentumtípus: | Könyv |
| Nyelv: | magyar |
| Kulcsszavak: | felvilágosodás, német történetfilozófia nyelv humanizmus |
| Megjelent: |
Bp.
Európa K.
1983
|
| LEADER | 00512nam a2200181 c 4500 | ||
|---|---|---|---|
| 001 | bibDOK00001319 | ||
| 005 | 20200924115742.2 | ||
| 008 | 060518s1983 hu hun | ||
| 100 | 1 | |a Herder, Johann Gottfried | |
| 245 | 1 | 0 | |a Értekezések, levelek |c Herder, Johann Gottfried |
| 260 | |a Bp. |b Európa K. |c 1983 | ||
| 300 | |a 523 p. | ||
| 500 | |a Rajnai László (ford.) | ||
| 500 | |a Rathmann János (utószó) | ||
| 695 | |a felvilágosodás, német | ||
| 695 | |a történetfilozófia | ||
| 695 | |a nyelv | ||
| 695 | |a humanizmus | ||